Série télévisée : Thierry la Fronde (choix multiples) - Statistiques

Statistiques générales
  • Ce quiz a été pris 12 fois
  • Le résultat moyen est 11 sur 16
Statistiques - réponses
Question Réponse % Correct
Personnage incarné par Céline Léger que Thierry la Fronde épousera à la fin de la série. Isabelle
100%
Acteur jouant le rôle de Thierry la Fronde. Jean-Claude Drouot
100%
Roi de France qui fut fait prisonnier en 1356. Dès le premier épisode, Thierry nourrissait le projet de le délivrer. Jean II le Bon
100%
Région naturelle forestière française partagée entre l'Orléanais et le Berry, dans laquelle se déroule l'histoire des premiers épisodes de la série. La Sologne
100%
Surnom du Prince Édouard de Woodstock, Prince de Galles, incarné par Jacques Couturier dans la série. C'est lui qui a fait prisonnier, le roi précédent. Le Prince noir
100%
Roi de France qui reçut la déclaration de guerre du Roi d'Angleterre précédent. Philippe VI
100%
Roi d'Angleterre qui déclara la guerre au Roi de France selon l'accroche de la série (premier épisode de la première saison). Édouard III
67%
Bataille et grande défaite française de 1346, citée dans l'accroche de la série. Elle marque le début de la Guerre de Cent ans. La Bataille de Crécy
67%
Actuelle province espagnole dont était roi Charles II dit Charles le mauvais, incarné par Sady Rebbot, dans la série. Ce roi est un autre ennemi de Thierry. La Navarre
67%
Personnage ennemi juré de Thierry la Fronde, incarné par Jean-Claude Déret, également scénariste et dialoguiste de la série. Il souhaite se venger d'un séjour en prison auquel l'avait condamné le père de Thierry. Messire Florent
67%
Véritable nom de Thierry la Fronde. Thierry de Janville
67%
Sketch parodique des Inconnus sur Thierry la Fronde. Thierry la France
67%
Nationalité de l'acteur qui joue Thierry la Fronde. Belge
33%
Parmi ces acteurs habitués des seconds rôles au cinéma, un seul n'a pas décroché un rôle dans Thierry la Fronde. Lequel ? Jacques Dynam
33%
Compositeur du thème principal de Thierry la Fronde. Jacques Loussier
33%
Film dans lequel Louis de Funès fait un clin d'œil à Thierry la Fronde. Le Gendarme de Saint-Tropez
0%
Aucun quiz correspondant
Distribution des résultats
% des personnes avec chaque résultat
Percentile par nombre de réponses
Votre historique - résultats
Vous n’avez pas pris ce quiz